000 00863cam a22002534a 4500
001 12992970
005 20241120174213.0
008 021105s2004 njua b 001 0 eng
020 _a0130481955
050 0 0 _aS591
_b.G228 2004
082 0 0 _a631.4
_221
100 1 _aGardiner, Duane T.
245 1 0 _aSoils in our environment /
_cDuane T. Gardiner, Raymond W. Miller.
250 _a10th ed.
260 _aUpper Saddle River, N.J. :
_bPearson/Prentice Hall,
_cc2004.
300 _axiii, 641 p. :
_bill. (some col.) ;
_c26 cm.
500 _aRev. ed. of: Soils in our environment / Raymond W. Miller, Duane T. Gardiner. 9th ed. c2001.
650 0 _aSoil science.
650 0 _aCrops and soils.
650 0 _aSoil management.
700 1 _aMiller, Raymond W.,
_d1928-
700 1 _aMiller, Raymond W.,
_d1928-
_tSoils in our environment.
942 _2lcc
_cBK
_n0
999 _c1386
_d1386